Statistiques concernant Focus sur: Freca - Tolkien

Cliquez ici pour prendre le quiz!

Statistiques générales

  • Ce quiz a été pris 5 fois
  • Le résultat moyen est 7 sur 9

Statistiques - réponses

Informations recherchéesRéponses% Correct
EspèceHomme
100%
Première mentionLe Seigneur des Anneaux: Le Retour du Roi
100%
Profession et titreSeigneur de Dunlande
100%
Age durant lequel il vécutTroisième
100%
Dunlande
80%
Royaumes et contréesRohan
80%
CitéEdoras
60%
Maison (lignée, possible)Eorl
60%
FilsWulf
40%

Distribution des résultats

Percentile par nombre de réponses

% des personnes avec chaque résultat

Votre développement - résultats

Vous n’avez pas pris ce quiz